01150nam a2200253 i 4500003000900000005001700009007000300026008004100029040003000070082001400100100003700114245010200151264011500253300002800368336002700396337003400423338002800457500012300485590002700608910001400635942001300649952021700662999001700879DO-SdBNP20240910111849.0ta240910s1950 dr 000 0 spa d aDO-SdBNPbspacBNPHUerda bM538c2221 aMéndez, Luis A. 920516eautor10aConcepción de la dominicanización fronteriza del generalísimo Trujillo /cLuis A. Méndez  1aCiudad Trujillo, República Dominicana :bPublicaciones del Partido Dominicano,bImpresora Dominicana,c1950. a21 páginas, c23 cm. 2rdacontentatextobtxt 2rdamediaasin mediación bn 2rdacarrieravolumenbnc aConferencia dictada por el Dr. Luis A. Méndez, en el Club Militar de Ciudad Trujillo, el día 6 de octubre de 1950. aInventariado, 2024/ YL aYLockward 2ddccLF2 00102ddc51708DS-FRVaBNPHUbBNPHUcCTd2023-03-01eDonado por Emilio Cordero Michell0oBNPHU F-RV M538cp2024-5292r2024-09-10w2024-09-10yLF2zPerteneció a la biblioteca personal de Emilio Cordero Michel c57662d57662